000 00148nam a22000857a 4500
082 _a823
100 _aJIJI JAMES
245 _aSOLAR SYSTEM
942 _cBK
999 _c8455
_d8455